[Event "MI Felix German TNM: 2000+"]
[Site "San Francisco"]
[Date "2022.11.15"]
[Round "2.1"]
[White "Widjaja, Luke"]
[Black "Griffith, Kyron Waykuan"]
[Result "1/2-1/2"]
[WhiteElo "2055"]
[BlackElo "2444"]
[Annotator "Winslow,Elliott"]
[PlyCount "44"]
[EventDate "2022.??.??"]

1. e4 c5 2. Nf3 e6 3. g3 {This amorphous fianchetto can be rather annoying against ...e6.} Nc6 4. Bg2 Nf6 5. Qe2 (5. d3 d5 6. Nbd2 Be7 7. O-O O-O 8. Re1 {is a huge stage position, scene of thousands of epic battles.}) (5. Nc3 d5 6. exd5 exd5 7. d4 {is another sort of typical engagement.}) 5... d5 (5... e5 $5 {is a hard change of pace to make, but could well be best.}) 6. exd5 Nxd5 7. O-O Be7 8. Rd1 {[#]} Bf6 $6 (8... O-O 9. d4 {sees White's jump in development causing troubles.}) ({Black still needs something radical to show up White's maneuver as a bit artificial:} 8... Qb6 $5) ({or} 8... Nd4 $5) 9. Nc3 Nxc3 $2 (9... O-O 10. Ne4 Be7 11. d4 $16) 10. dxc3 Qb6 {[#]} 11. Bg5 $1 {'Inviting' Kyron to go pawn hunting} Qxb2 {All but fatal, but completing development was going to be problematic for Black in any case.} 12. Bxf6 gxf6 13. Nd2 $1 {A star move! The knight aims for f6 and d6.} Qxc2 14. Bxc6+ $5 {Certainly good,} ({but even better was} 14. Qb5 $1 O-O (14... Bd7 15. Ne4 $1) 15. Ne4 $1 {and Rd2 is going to trap Black's queen!}) 14... bxc6 15. Qf3 O-O 16. Ne4 f5 17. Nf6+ Kg7 18. Rac1 Qa4 19. Nh5+ Kh6 {[#]} (19... Kg8 20. Qe3 $1) 20. Nf4 (20. c4 $1 $18) 20... Kg7 (20... f6 21. Qh5+ Kg7 22. Qh4 {(threatening the queen) readies} Qa5 23. Nh5+ Kg6 24. g4) 21. Nh5+ Kh6 22. Nf4 $4 Kg7 {I guess Luke just wasn't up to beating a 2400 in a handful of moves just yet, and settles for a draw.} 1/2-1/2

[Event "MI Felix German TNM: 2000+"]
[Site "San Francisco"]
[Date "2022.11.15"]
[Round "2.2"]
[White "Urquhart, Joe S"]
[Black "Seitzer, Phillip"]
[Result "0-1"]
[WhiteElo "1893"]
[BlackElo "2129"]
[Annotator "Winslow,Elliott"]
[PlyCount "114"]
[EventDate "2022.??.??"]

{Seltzer wins a pawn after an unusual opening by both players (mostly Joe), and brings it to a win -- to be the only player with a perfect score.} 1. Nf3 d5 2. d4 Nf6 3. g3 g6 4. Bg2 Bg7 5. O-O O-O 6. c3 Nbd7 7. h3 Ne4 8. Ng5 Ndf6 9. Nf3 {[#] Joe hasn't played a tournament game for quite a while, and seems to be trying to find his bearings. (He will, I'm sure.)} c6 10. Kh2 Ne8 11. Bf4 f5 12. Qc1 N8d6 13. Bh6 Nf7 14. Bxg7 Kxg7 15. Nbd2 Qd6 16. Nb3 g5 {[#]} 17. Ne5 $2 Nxe5 18. Bxe4 fxe4 19. dxe5 Qxe5 20. Qe3 Qf5 21. g4 Qf4+ 22. Qg3 b6 23. f3 exf3 24. exf3 e5 25. Rae1 Qxg3+ 26. Kxg3 Ba6 27. Rf2 Rae8 28. Nd2 Bd3 29. Re3 Bg6 30. Rfe2 Kf6 31. h4 h6 32. hxg5+ hxg5 33. b4 Re7 34. a4 Rfe8 35. Re1 Rh8 36. Nf1 c5 37. R3e2 cxb4 38. Ne3 Rd7 39. cxb4 Re8 40. Rd2 d4 41. Kg2 Rc8 42. a5 bxa5 43. bxa5 Rc5 44. a6 Rd6 45. Nf1 Rxa6 46. Ng3 Rc2 47. Ree2 Raa2 48. Nh5+ Kf7 49. Rxc2 Rxc2 50. Rxc2 Bxc2 51. Kf2 a5 52. Ke1 a4 53. Kd2 Bg6 54. Ng3 a3 55. Kc1 Ke6 56. Nf1 Kd5 57. Nd2 Kc5 0-1

[Event "MI Felix German TNM: 2000+"]
[Site "San Francisco"]
[Date "2022.11.15"]
[Round "2.3"]
[White "Chen, Richard"]
[Black "Suarez, Sebastian"]
[Result "1-0"]
[WhiteElo "2253"]
[BlackElo "1871"]
[Annotator "Winslow,Elliott"]
[PlyCount "82"]
[EventDate "2022.??.??"]

1. e4 c6 2. d4 d5 3. e5 c5 4. dxc5 e6 5. a3 Bxc5 6. Qg4 Bf8 7. Nf3 Nc6 8. Bd3 Qc7 9. Bf4 Nh6 10. Qg3 Nf5 11. Bxf5 exf5 12. O-O Be6 13. Nc3 a6 14. Rfd1 O-O-O 15. Be3 h6 16. h4 g5 17. hxg5 hxg5 18. Bxg5 Be7 19. Bxe7 Qxe7 20. Qf4 Rhg8 21. Nh2 Qf8 22. Rd3 Qg7 23. Rg3 Qxe5 24. Qxe5 Nxe5 25. Rxg8 Rxg8 26. Ne2 Kd7 27. b3 Rc8 28. Nd4 Ke7 29. Rd1 a5 30. a4 Kd6 31. Re1 Nc6 32. Nb5+ Kd7 33. Nf3 Nb4 34. c3 Na6 35. Nfd4 Nc7 36. f4 Nxb5 37. Nxb5 Ke7 38. Re3 Kf6 39. Kf2 Rc6 40. Ke2 Rb6 41. Kd2 Rc6 {Sebby has been under five minutes and no longer keeping score since move37, while Richard's writing is scratches. 1-0 54.} 1-0

[Event "MI Felix German TNM: 2000+"]
[Site "San Francisco"]
[Date "2022.11.15"]
[Round "2.4"]
[White "Bambou, Christophe"]
[Black "Snyder, Larry"]
[Result "0-1"]
[WhiteElo "2078"]
[BlackElo "2073"]
[Annotator "Winslow,Elliott"]
[PlyCount "96"]
[EventDate "2022.??.??"]

{After many perambulations in a typical Exchange Gruenfeld middlegame, longtime veteran Snyder grabs the chance to mobilize his queenside pawns and takes the point.} 1. d4 Nf6 2. Nf3 g6 3. c4 Bg7 4. Nc3 d5 5. cxd5 Nxd5 6. e4 Nxc3 7. bxc3 c5 8. Bb5+ Bd7 9. Be2 Nc6 10. O-O cxd4 11. cxd4 O-O 12. Rb1 b6 13. d5 Na5 14. Bf4 Bg4 {[#]} 15. Rc1 Rc8 16. Qd2 Qd7 17. Ba6 Rxc1 18. Rxc1 Bxf3 19. gxf3 {[#] White has a probably winning advantage with the bishops and absolute control of the c-file, but it never crystallizes into anything further.} e5 20. dxe6 {Better to keep the passed pawn, and leave Black's bishop out of the game for a while.} Qxe6 21. Qd5 Qf6 22. Qd6 Qb2 23. Rc7 Qxa2 24. Bc8 $6 (24. Rxa7 $6 Nb3 25. Be3 Qa1+ 26. Kg2 Nd4 {White has nothing.}) (24. Kg2 $1 Qe6 25. Qxe6 fxe6 26. Bd6 Rf7 27. Rc8+ Bf8 28. f4 $16 {is a bind worth a lot more than the pawn.}) 24... Qa1+ (24... b5 $1 $11 25. Kg2 (25. Rxa7 Rxc8 26. Qa6 Qc4) 25... Nc4 26. Be6 $5 fxe6 27. Qd7 Qb2 28. Bh6 Ne3+ $1 29. Bxe3 Qf6 $11) 25. Kg2 Qd4 {The harassment continues} 26. Qd5 { Exchanging on his own terms} Qf6 $4 27. Bg5 $4 (27. Bd6 $18 {is crushing;} {note} Qd8 28. Rd7 $1 Qxc8 29. Bxf8 Qxf8 30. Rd8) 27... Qe5 $17 {Now White's just out on a limb, and climbing off it is a difficult process.} 28. Rc2 Nb3 $1 {heading to a better square and clearing the path for the a-pawn.} 29. f4 $6 (29. Qxe5 Bxe5 30. f4 Nc5 (30... Nd4 31. Rd2 Nb3 32. Rc2 Nc5 {anyway}) 31. fxe5 Rxc8 32. Be3 a5 $17) 29... Qb8 $2 (29... Qxd5 30. exd5 Nc5 31. Bh3 f6 $1 32. Bh4 Kf7 33. d6 $6 f5 34. Be7 Rb8 {That d-pawn is neutralized and eventually won, in classic Exchange Gruenfeld fashion.}) 30. Bh3 Nc5 31. e5 $2 {[#]} (31. Be7 $1 Qxf4 (31... Re8 32. Bxc5 bxc5 33. e5 Bf8 34. Bd7 Rd8 35. f5 $1 gxf5 36. e6 $1 $15 {makes sure both kings are exposed.}) 32. Bxf8 Bxf8 33. e5 Qg5+ 34. Kf1 a5 35. Rc3 a4 36. f4 Qh4 {White is kicking up problems for Black's attempt to use the nominal material advantage.}) 31... Qa8 $1 32. Rd2 a5 (32... Ne6 $1) 33. Qxa8 $6 Rxa8 $19 {Now Black is arranged nicely to get those pawns going!} 34. Bd8 b5 35. Bb6 Ne6 36. Kf3 a4 37. Bf1 b4 38. Bc4 Rb8 39. Ba5 b3 40. Rb2 Bf8 41. Ke4 Ba3 (41... a3 $1 {since the b-pawn is poisoned.}) 42. Rb1 Bb4 43. f5 gxf5+ 44. Kxf5 Bxa5 45. Kf6 Bd8+ 46. Kf5 Nc5 47. f4 a3 48. Rg1+ Kf8 0-1

[Event "MI Felix German TNM: 2000+"]
[Site "San Francisco"]
[Date "2022.11.15"]
[Round "2.5"]
[White "Sun, Kevin"]
[Black "Lesniewski, Lucas"]
[Result "1-0"]
[WhiteElo "1870"]
[BlackElo "2007"]
[Annotator "Winslow,Elliott"]
[PlyCount "95"]
[EventDate "2022.??.??"]

1. e4 c6 2. d4 d5 3. exd5 cxd5 4. Bd3 Nc6 5. c3 Nf6 6. Bf4 Bg4 7. Qb3 Qd7 8. Nd2 e6 9. Ngf3 Bd6 10. Bxd6 Qxd6 11. O-O O-O 12. Rfe1 Qc7 13. Qc2 Rac8 14. Rac1 Qb8 15. Qb1 Ne7 16. Ne5 Bf5 17. Ndf3 h6 18. Bxf5 Nxf5 19. Qd3 Nd6 20. h3 Qc7 21. b4 Nc4 22. Nxc4 Qxc4 23. Qc2 Qc7 24. Ne5 Nd7 25. Nxd7 Qxd7 26. Re3 Rc4 27. Rg3 Rfc8 28. Qd2 Qc7 29. Qe3 {[#]} (29. a3) 29... Rxb4 $1 30. Qxh6 $5 Qxg3 $1 31. cxb4 {[#]} Qb8 $2 (31... Rc4 $1 $19) 32. Qd2 $6 (32. Rxc8+ $11) 32... a6 $6 (32... Rc4) 33. Rc3 $6 Rc4 $1 34. Rg3 Qc7 35. h4 Qe7 36. Qf4 Qc7 (36... Rxb4 $1) 37. Qg4 f5 38. Qg5 Rxd4 (38... Rxb4 $1) 39. h5 {[#]} (39. b5 $1) 39... f4 $2 (39... Rxb4 40. h6 Rg4 $1 $17) 40. Rg4 $16 Rd1+ 41. Kh2 f3+ 42. Rg3 fxg2 (42... Rf1 $5) 43. Kxg2 {[#]} d4 $4 (43... Rc1 44. h6 Rc3 45. Rg4 Rc4) 44. h6 $18 b5 45. Qg6 Qb7+ 46. f3 Rd2+ 47. Kh3 Qf7 48. h7+ 1-0

[Event "MI Felix German TNM: 2000+"]
[Site "San Francisco"]
[Date "2022.11.15"]
[Round "2.7"]
[White "Arun, Siddharth"]
[Black "Sawhney, Yuvraj Singh"]
[Result "1-0"]
[WhiteElo "2193"]
[BlackElo "1783"]
[PlyCount "99"]
[EventDate "2022.??.??"]

1. d4 d5 2. Nc3 Nf6 3. Bf4 e6 4. Nb5 Na6 5. e3 Be7 6. Nf3 O-O 7. h3 c6 8. Nc3 c5 9. Bxa6 bxa6 10. O-O cxd4 11. exd4 Qb6 12. Rb1 Bb4 13. Na4 Qb5 14. c3 Be7 15. Ne5 Nd7 16. c4 dxc4 17. Nc3 Qb7 18. Nxc4 Nb6 19. Na5 Qd7 20. Qf3 Qxd4 21. Rfd1 Qb4 22. Nb3 Rd8 23. Bc7 Rf8 24. Rd4 Nc4 25. Qxa8 Bb7 26. Qxa7 Ra8 27. Ba5 Nxa5 28. Qxa8+ Bxa8 29. Rxb4 Bxb4 30. Nxa5 Bxa5 31. b4 Bc7 32. b5 axb5 33. Rxb5 Bd6 34. Ra5 Bb7 35. Ra7 Bd5 36. Nxd5 exd5 37. Rd7 Ba3 38. Rd8+ Bf8 39. a4 f6 40. a5 Kf7 41. Rxf8+ Kxf8 42. a6 Kf7 43. a7 d4 44. a8=Q d3 45. Qd5+ Kg6 46. Qxd3+ Kh6 47. f4 g6 48. Qd7 f5 49. Qe7 g5 50. Qxg5# 1-0

[Event "MI Felix German TNM: 1600-1999"]
[Site "San Francisco"]
[Date "2022.11.15"]
[Round "2.9"]
[White "Clemens, Kristian"]
[Black "Kingma, Karl Stuart"]
[Result "0-1"]
[WhiteElo "1927"]
[BlackElo "1619"]
[Annotator "Winslow,Elliott"]
[PlyCount "68"]
[EventDate "2022.??.??"]

1. Nf3 e6 2. c4 Nf6 3. d4 d5 4. Nc3 Be7 5. Bg5 O-O 6. e3 h6 7. Bh4 b6 8. cxd5 exd5 9. Bd3 Bb7 10. O-O Nbd7 11. Qe2 c5 12. Rac1 c4 13. Bb1 a6 14. a4 Bc6 15. Qc2 g6 16. Ne5 Nxe5 17. dxe5 Nd7 {[#]} 18. e6 Ne5 19. Bxe7 Qxe7 20. exf7+ Rxf7 21. Qd2 {[#]} d4 22. Ne4 d3 23. Ng3 b5 24. f4 Ng4 25. Rfe1 {[#]} Nxh2 26. b3 Qh4 27. Nf1 Ng4 28. Bxd3 Rd8 29. bxc4 Rxd3 30. Qa2 b4 31. Re2 Rf5 32. e4 Rh5 33. Ng3 Qh2+ 34. Kf1 Qh1+ 0-1

[Event "MI Felix German TNM: 1600-1999"]
[Site "San Francisco"]
[Date "2022.11.15"]
[Round "2.10"]
[White "Dutter, Frederic"]
[Black "Chan, John"]
[Result "1-0"]
[WhiteElo "1900"]
[BlackElo "1560"]
[Annotator "Winslow,Elliott"]
[PlyCount "95"]
[EventDate "2022.??.??"]

1. e4 d6 2. d4 c6 3. Nc3 Nf6 4. f4 Bg4 5. Nf3 e6 6. h3 Bxf3 7. Qxf3 Qb6 8. Qd3 Nbd7 9. Be3 Qc7 10. Be2 Be7 11. Bf3 e5 12. d5 a6 13. dxc6 bxc6 14. O-O O-O 15. f5 Nc5 16. Qe2 d5 17. Bf2 d4 18. Nd1 Rfd8 19. g4 {[#]} d3 20. cxd3 Nxd3 21. Be3 h6 22. g5 hxg5 23. Bxg5 Nf4 24. Bxf4 exf4 25. Rc1 Qb6+ 26. Kh2 Bb4 27. Nc3 Qe3 28. Qxe3 fxe3 29. Rfd1 Nd7 30. Kg3 Ne5 31. Be2 Bc5 32. Nd5 Bd6 33. Nf4 a5 34. Kg2 Rab8 35. Nd3 Nxd3 36. Rxd3 Rxb2 37. Kf3 Rxa2 38. Rxc6 Be7 39. Rxd8+ Bxd8 40. Rc8 Rd2 41. Kxe3 Rd7 42. Bb5 Rd1 43. Bd3 a4 44. Rxd8+ Kh7 45. Ra8 Ra1 46. e5 Kh6 47. e6 fxe6 48. fxe6 1-0

[Event "MI Felix German TNM: 1600-1999"]
[Site "San Francisco"]
[Date "2022.11.15"]
[Round "2.11"]
[White "Srinivasan, Sivavishnu"]
[Black "Li, David Z"]
[Result "1/2-1/2"]
[WhiteElo "1366"]
[BlackElo "1711"]
[Annotator "Winslow,Elliott"]
[PlyCount "79"]
[EventDate "2022.??.??"]

1. e4 c5 2. Nf3 d6 3. d4 cxd4 4. Nxd4 Nf6 5. Nc3 a6 6. h3 e5 7. Nde2 {There are other knight moves...} Be7 (7... Be6 8. g4 d5 (8... h6) (8... b5)) (7... h5 $5) 8. Bg5 $5 (8. g4 $1 {has been the point since Weaver Adams came up with the "symmetric" response to 5...a6 in the 1940s; in fact it was seen in Lombardy-Fischer, US Championship 1958. If White is attacking, RJF didn't think so; he just castled here (½-½ 47).}) 8... Nbd7 (8... Be6 {aims for an optimal development, but White could go for one of his own with} 9. Bxf6 Bxf6 10. Nd5 {Still, it's nothing special; Black develops, the pawn at h3 is just a wasted move.}) 9. Ng3 h6 10. Bxf6 {Now Black has no problems.} (10. Be3 $5 {is interesting, say} Nb6 11. Qf3 $5 $14 {One thing about the Najdorf Sicilian: it leaves White to choose from a huge array of setups!}) 10... Nxf6 11. Bc4 O-O 12. a4 Be6 13. Nd5 Rc8 14. Nxe7+ (14. Nxf6+ Bxf6 15. Bxe6 fxe6 16. O-O {is certainly double-edged, with chances for both sides but leaning slightly Blackward.} Bh4 $5 (16... d5 $5)) 14... Qxe7 15. Bxe6 Qxe6 16. O-O Rc4 (16... d5 $1 $15) 17. f3 {This loosening of White's pawn cover comes back to haunt him later.} (17. Re1) (17. Qd3) 17... Rfc8 (17... d5 $1 {again}) 18. c3 d5 {[#] The quintessential Successful Sicilian, emerging with better center (well, only center, with that e-pawn), minority attack chances (maybe), possible peering towards the dark squares around White's king.} 19. exd5 Nxd5 20. Re1 Nf4 {[#]} 21. Ne4 $4 ({How the computer determines that} 21. Qc2 $1 {is the only move to keep it in balance I'll never know.}) 21... Qb6+ $2 (21... Qg6 $1 {first!} 22. g4 (22. Qc2 f5 {woops}) (22. Qd2 f5 23. Nd6 Rd8 {no better}) 22... Qb6+ $19 {is worlds better than the game!}) 22. Kh1 Qxb2 23. Rg1 $1 (23. Qd2 Qxd2 24. Nxd2 Rxc3 25. Rxe5 Rc2 $19) 23... R8c7 (23... R4c6 $1 24. Rb1 Qa2 25. Rxb7 Rg6 26. Qd7 Rf8 27. Qd2 Qc4 28. a5 f5 $17 {keeps up the pressure.}) 24. Qd8+ (24. Qd6 $1 f5 $1 25. Qxe5 fxe4 26. Qxf4 exf3 27. Qxf3 Qxc3 28. Qd5+ $15 {is going to be hard or impossible to win.}) 24... Kh7 25. Qe8 $1 f6 {Now both sides have the same Swiss cheese for pawn cover!} (25... Nd3 $1 26. Rad1 Rxe4 $1 27. Rxd3 Qc2 $5 $17 {(another cryptic computer move) has better winning chances.}) 26. Rad1 Qb6 $2 (26... Rxe4 $1 27. fxe4 Qxc3 {favors Black, best being} 28. Rd8 h5 29. Qh8+ Kg6 30. Qe8+ Kg5 {Again, a dangerous bid to win.}) 27. Rd8 $2 (27. Rd6 $1 $11 {White sets up, at the least, 28.Nxf6+ and 29.Rd7+ with a perpetual.}) 27... Qe6 $1 $17 28. Qh8+ Kg6 29. Rgd1 $2 R4c6 $2 (29... Rxe4 $3 30. fxe4 Nxh3 $3 $19 {The point of the preliminary exchange sac is} 31. Re8 Qg4) 30. Rg8 {[#]} (30. h4 $1 $11 {says Stockfish 15...} Rc8 31. g4 Rxd8 32. Rxd8 h5 33. Ng3 hxg4 34. Re8 Qd7 35. Rd8 Qc7 $2 36. Rg8 $18) 30... Nxh3 31. Rdd8 Ng5 32. Nf2 Rxc3 33. Ng4 Kf5 34. Rxg7 {[#]} Rc1+ {Perhaps Black thought his combination was winning, but White finds a precarious route to a perpetual.} ({Black did have his own path to a win:} 34... Rxg7 35. Qxg7 e4 $3 {Crazy as it seems, there just isn't a win for White. Meanwhile Black reduces White's king protection, not to mention other avenues.} {For example} 36. Re8 (36. Rd5+ Kf4 $1 {Cozy.}) (36. Rd1 exf3 37. gxf3 Qc6 38. Nh2 Rxf3 {So much for desperate defence.}) 36... Rc1+ 37. Kh2 Qd6+ {Ouch!} 38. Ne5 Nxf3+ $1 39. gxf3 Qd2+ 40. Qg2 Qxg2+ 41. Kxg2 fxe5 {and a winning rook ending!}) 35. Kh2 {[#]} Nxf3+ $1 36. gxf3 (36. Kg3 $5 Rxg7 37. Qxg7 Ng5 38. Nxh6+ Ke4 {is another wild ride, with a perpetual the best result:} 39. Qxb7+ (39. Qg6+ $6 {(Any other tries just lose)} f5 40. Qxg5 Rh1 41. Qxf5+ $15 {(Or knight first -- again, other tries succeed -- in giving Black the point.)}) 39... Qc6 40. Qb4+ Qc4 (40... Rc4 $4 41. Qe1#) 41. Qb6 Qc6 $11) 36... Qa2+ 37. Kh3 Rh1+ 38. Kg3 Rg1+ 39. Kh4 (39. Kh3 $4) 39... Rh1+ 40. Kg3 {Fantastic all-in play by both players!} 1/2-1/2

[Event "MI Felix German TNM: 1600-1999"]
[Site "San Francisco"]
[Date "2022.11.15"]
[Round "2.12"]
[White "Briancon-Marjollet, Victor"]
[Black "Moisselin, Simon"]
[Result "1-0"]
[WhiteElo "1627"]
[BlackElo "1491"]
[Annotator "Winslow,Elliott"]
[PlyCount "95"]
[EventDate "2022.??.??"]

1. e4 c6 2. d4 d5 3. e5 Bf5 4. Nf3 e6 5. Bd3 Bxd3 6. Qxd3 Nd7 7. O-O Ne7 8. Bg5 Qb6 9. Nbd2 c5 10. c3 c4 11. Qc2 h6 12. Be3 Nf5 13. Rab1 Qc6 14. a4 a6 15. b3 b5 16. bxc4 dxc4 17. a5 Be7 18. g4 Nxe3 19. fxe3 Rb8 20. Ne4 O-O 21. g5 Kh8 22. Rf2 b4 23. cxb4 Rxb4 24. Rbf1 Qa4 25. Qe2 Qxa5 26. Nh4 {[#]} Nxe5 27. gxh6 Bxh4 28. hxg7+ Kxg7 29. dxe5 Bxf2+ 30. Kxf2 Qxe5 31. Qg4+ Kh6 32. Qh4+ Qh5 33. Qf4+ Kg7 34. Rg1+ Qg6 35. Qe5+ f6 36. Rxg6+ Kxg6 37. Qxe6 Rbb8 38. Qxa6 Rbc8 39. Nd6 Rb8 40. Qxc4 f5 41. Qf4 Rb2+ 42. Kf3 Rb1 {(it says "42...Re1")} 43. h4 Rd1 44. Qg5+ Kh7 45. h5 Rf1+ 46. Ke2 Rg8 47. Qe7+ Rg7 48. Qe5 {[...]} 1-0

[Event "MI Felix German TNM: 1600-1999"]
[Site "San Francisco"]
[Date "2022.11.15"]
[Round "2.13"]
[White "Stevens, Adam Benjamin"]
[Black "Powers, Christopher"]
[Result "1-0"]
[WhiteElo "1749"]
[BlackElo "1704"]
[Annotator "Winslow,Elliott"]
[PlyCount "71"]
[EventDate "2022.??.??"]

1. d4 d5 2. c4 e6 3. Nf3 Nf6 4. g3 Be7 5. Bg2 O-O 6. O-O Nbd7 7. Nc3 c6 8. Bf4 dxc4 9. e4 Nb6 10. Qe2 Bd7 11. Ne5 Be8 12. Rfd1 Nfd7 13. Nxc4 Nxc4 14. Qxc4 Nb6 15. Qb3 Qd7 {[#]} 16. d5 Rd8 17. Bh3 cxd5 18. exd5 Bf6 19. dxe6 Qe7 20. Rxd8 Qxd8 21. Rd1 Qa8 22. Bd6 Bc6 23. Bxf8 Kxf8 24. Qb4+ Be7 25. Qf4 f6 26. Bg2 Be8 27. Qe4 Qc8 28. Qxh7 Qxe6 29. Qh8+ Kf7 30. Bf3 Bf8 31. Bh5+ Ke7 32. Bxe8 Kxe8 33. Qh5+ Ke7 34. Nd5+ Nxd5 35. Qxd5 Qe2 36. Qd7# 1-0

[Event "MI Felix German TNM: 1600-1999"]
[Site "San Francisco"]
[Date "2022.11.15"]
[Round "2.14"]
[White "Parsons, Stephen"]
[Black "Rakonitz, David"]
[Result "1-0"]
[WhiteElo "1749"]
[BlackElo "1662"]
[PlyCount "73"]
[EventDate "2022.??.??"]

1. c4 Nf6 2. Nc3 e6 3. e4 d6 4. d4 Nc6 $2 {Already this is a bit of a mistake as c5 is the logical break. White has a ton of space and great squares for his pieces.} 5. Nf3 Be7 6. h3 {A quiet move the restricts more light squares on the king side should e5 appear on the board from black.} O-O 7. Bd3 e5 8. Be3 {d5 is most likely better here.} exd4 9. Nxd4 Ne5 10. Be2 Re8 11. O-O c5 12. Nc2 Be6 13. b3 a6 14. Qd2 Qc7 15. Rac1 Qc6 $4 {An unfortunate blunder that loses a piece.} 16. f4 $1 {White has been waiting for the right moment to execute this move and was rewarded for his patience.} Nxc4 17. bxc4 Nxe4 18. Nxe4 Qxe4 19. Bd3 Qc6 {But it is not immediately obvious how to win and white must tread carefully} 20. f5 Bd7 21. Bg5 $2 {Attempting to remove the threat of Bf6 and get the queen into the kingside asap.} ({The computer gives the following line; f6 is the most tempting move but was hard to justify when you're already up material.} 21. f6 Bxf6 22. Rxf6 gxf6 23. Bh6 Kh8 24. Ne3 d5 25. cxd5 Qd6 26. Qf2) 21... Bxg5 22. Qxg5 h6 23. Qf4 f6 24. Ne3 Re5 25. Ng4 Re7 26. Rcd1 Rd8 27. Bc2 {A dull move} Be8 {Met with a great reply} 28. Qg3 Kf8 29. Rd2 Bf7 30. Bb3 b5 31. cxb5 axb5 32. Bxf7 Kxf7 $4 {The second unfortunate blunder; Rxf7 gives black some better tries as he has a nice pawn mass on the queenside that white has to deal with.} 33. Nxh6+ $1 {This knight is blocking it's teammate on the g file and giving back the material allows the queen to enter the game and expose the black king. Other moves are too slow and the black pawns will run.} gxh6 {Declining the sacrifice is the only way to survive.} 34. Qg6+ Kf8 35. Qxf6+ Ke8 36. Rfd1 Qe4 $4 37. Qh8+ $1 {< br / > < br / > Game may have continued...} (37. Qh8+ Kf7 38. Qxd8 Qe3+ 39. Kh1 Qg3 40. Rf1 Re8 41. Qd7+ {[%eval 1004,0]}) 1-0

[Event "MI Felix German TNM: 1600-1999"]
[Site "San Francisco"]
[Date "2022.11.15"]
[Round "2.15"]
[White "Macnee, Felix"]
[Black "Sanguinetti, George A"]
[Result "1-0"]
[WhiteElo "1651"]
[BlackElo "1900"]
[Annotator "Winslow,Elliott"]
[PlyCount "79"]
[EventDate "2022.??.??"]

1. b4 g6 2. Bb2 f6 3. h4 e5 4. a3 d6 5. h5 g5 6. e3 {[#]} Be6 7. Bd3 Nd7 8. Nc3 Qe7 9. Qf3 c6 10. b5 d5 11. Bf5 Nh6 12. Bxe6 Qxe6 13. O-O-O Bg7 14. d4 e4 15. Qe2 O-O 16. f3 f5 17. Nh3 Nf7 18. fxe4 fxe4 19. Rdf1 h6 20. a4 Nb6 21. Ba3 Rfc8 22. Rf2 Nc4 23. Bb2 Rc7 24. Rhf1 Qd6 {[#]} 25. Nxe4 Qb4 26. c3 Qxa4 (26... Qxb2+ 27. Qxb2 Nxb2 $19) 27. Nc5 Qxb5 28. Ne6 Re7 29. Nxg7 Kxg7 30. Qf3 Rg8 31. Qf6+ Kf8 32. Qxh6+ Ke8 33. Qh7 Rf8 34. Qf5 Kd8 35. Nxg5 Ncd6 36. Ne6+ Kc8 37. Qh3 Rg8 38. Ng5+ Kb8 39. Nxf7 Nc4 40. Qh2+ 1-0

[Event "MI Felix German TNM: 1600-1999"]
[Site "San Francisco"]
[Date "2022.11.15"]
[Round "2.16"]
[White "Admassu, Yonathan"]
[Black "Lin, Aung Tun"]
[Result "0-1"]
[WhiteElo "1680"]
[BlackElo "1641"]
[Annotator "Winslow,Elliott"]
[PlyCount "36"]
[EventDate "2022.??.??"]

1. d4 Nf6 2. c4 e6 3. Nf3 b6 4. g3 Bb7 5. Bg2 Nc6 $6 (5... Be7) (5... Bb4+) 6. O-O Ne7 $6 7. Nc3 Ng6 8. d5 (8. a3) 8... Bb4 9. Nd4 (9. Bd2) 9... O-O (9... Bxc3) 10. e4 (10. Bd2 $16) 10... Ne5 $6 {[#]} (10... Bxc3 11. bxc3 e5 $11) 11. f4 $2 (11. Qb3 $16) (11. Na4 $1 $16) 11... Nxc4 12. e5 $2 (12. Qb3 Bxc3 13. Qxc3 Na5 14. b4 c5 $11) 12... Bxc3 13. exf6 (13. bxc3 Nxd5 14. Qe2 c5 15. Qxc4 cxd4 16. Qxd4 Qc7 $17) 13... Nxb2 $19 14. Bxb2 Bxb2 15. dxe6 Qxf6 16. Bxb7 Bxd4+ 17. Kh1 Rab8 18. exf7+ Kh8 0-1